[Event "Sinquefield Cup 2nd"]
[Site "Saint Louis"]
[Date "2014.08.27"]
[Round "1"]
[White "Aronian, Levon"]
[Black "Nakamura, Hikaru"]
[Result "1/2-1/2"]
[WhiteElo "2805"]
[BlackElo "2787"]
[Annotator "Finegold,B"]
[PlyCount "79"]
[EventDate "2014.08.27"]
[EventType "tourn"]
[EventRounds "10"]
[EventCountry "USA"]
[EventCategory "23"]
[SourceTitle "CBM 162"]
[Source "ChessBase"]
[SourceDate "2014.09.17"]
[SourceVersion "1"]
[SourceVersionDate "2014.09.17"]
[SourceQuality "1"]

1. d4 d5 2. c4 c6 3. Nf3 Nf6 4. Nc3 dxc4 {A main line Slav.} 5. a4 Bf5 6. e3 (
6. Ne5 {is also topical.}) 6... e6 7. Bxc4 Bb4 8. O-O Nbd7 9. Qe2 O-O 10. e4
Bg6 11. Bd3 Bh5 12. e5 Nd5 13. Nxd5 cxd5 14. Qe3 Re8 15. Bd2 {15.Ng5 and 15.
Ne1 are more common. However, Aronian knows 15.Bd2 well, since he faced it as
black against Kramnik!} Qa5 {Levon played 15...Be7 against Kramnik in 2010 and
drew. Hikaru has other ideas.} 16. Qe1 {Diagram # A novelty. White always
played 16.Bxb4 before this game. Levon seems intent on trading queens
throughout the game, but Hikaru was not interested.} Bxd2 17. Qxd2 Qd8 18. Ng5
Bg6 19. Bxg6 fxg6 {Diagram # This may look odd, but it is quite typical in
Slav positions to capture this way, so as to avoid mating attacks down the "h"
file.} 20. f4 Rc8 21. Rac1 Qb6 {As Alejandro pointed out in the Live
commentary, the black Queen is perfectly placed on b6. It puts pressure on d4
and b2 and defends the e6 pawn.} 22. a5 Qa6 23. Qb4 h6 24. Nf3 b6 {This
surprised me during the game, but it seems quite good.} 25. Qd6 Nf8 26. axb6
axb6 27. Qb4 Qd3 {It is difficult for either side to win, or even to try to
win any material. A draw is likely.} 28. Qd2 Qb3 {Once again, Hikaru wants the
queens on the board.} 29. Rfe1 Rxc1 30. Rxc1 Ra8 {Hikaru offers a draw, which
was declined.} 31. h4 Ra2 32. Rc2 Ra1+ 33. Kh2 Rb1 34. Kg3 Kh7 35. Rc8 $6 {
Now the game will end in a repetition. The last chance to try to keep playing
was 35.Qc3.} Rxb2 36. Qc1 Qa2 37. Qh1 (37. Rxf8 $4 Rxg2+ 38. Kh3 Qf2 {and
black wins.}) 37... Qa3 (37... Nd7 $4 38. Ng5+ hxg5 39. hxg5#) 38. Qc1 Qa2 39.
Qh1 Qa3 40. Qc1 1/2-1/2

[Event "Haninge"]
[Site "Haninge"]
[Date "1990.??.??"]
[Round "2"]
[White "Wojtkiewicz, Aleksander"]
[Black "Hector, Jonny"]
[Result "1-0"]
[WhiteElo "2550"]
[BlackElo "2465"]
[Annotator "Ftacnik,L"]
[PlyCount "67"]
[EventDate "1990.05.??"]
[EventType "tourn"]
[EventRounds "11"]
[EventCountry "SWE"]
[EventCategory "14"]
[SourceTitle "CBM 018"]
[Source "ChessBase"]
[SourceDate "1990.10.01"]
[SourceVersion "1"]
[SourceVersionDate "1990.10.01"]
[SourceQuality "1"]

1. Nf3 d5 2. c4 c6 3. d4 Nf6 4. Nc3 dxc4 5. a4 Bf5 6. e3 e6 7. Bxc4 Bb4 8. O-O
Nbd7 9. Qe2 Bg6 10. e4 O-O 11. Bd3 Bh5 12. e5 Nd5 13. Ne4 c5 $6 {N} (13... Be7
14. Ng3 {N} Bg6 15. Bxg6 fxg6 16. a5 a6 17. Bd2 h6 18. Ne4 g5 19. Ne1 Rf7 20.
Nd3 $16 {Ehlvest,J-Petursson,M/Reggio Emilia/1989/}) 14. Bg5 Qa5 15. Bb5 $1 h6
(15... N5b6 16. Be7 Rfe8 17. Bxc5 (17. Nd6 $22 Rxe7 18. Nxb7 $18) 17... Nxc5
18. dxc5 $18) 16. Bxd7 hxg5 17. Nexg5 Qd8 (17... Rad8 18. Bxe6 $1 fxe6 19. Qe4
Rf5 20. g4 $40) 18. Bxe6 $1 fxe6 (18... Qxg5 19. Bxd5) (18... Bxf3 19. Qxf3
fxe6 20. Qh5 $18) (18... Nf4 19. Qe4 Bg6 20. Qxf4 fxe6 21. Qe3 $18) 19. Qe4 g6
(19... Rf5 20. Nxe6 Bxf3 21. Qxf5 $18) 20. Nxe6 Qd7 21. Nxf8 Rxf8 22. e6 Qc6 (
22... Qd8 23. e7 Nxe7 24. Ng5 $40) (22... Qd6 23. dxc5 Bxc5 24. Rad1 $18) 23.
e7 Re8 24. g4 Rxe7 25. Ne5 Bxg4 26. Qxg4 Qf6 27. Kh1 Nf4 (27... cxd4 28. Nxg6
Rg7 29. Rg1 $18) 28. Rg1 Re6 29. Rad1 Rd6 (29... cxd4 30. Rxd4 Qxe5 31. Qxf4)
30. Nd7 $1 Qf7 31. dxc5 Nd3 32. Rxd3 Rxd3 33. Ne5 Qd5+ 34. f3 {Ftacnik,L} 1-0

[Event "Biel GM"]
[Site "Biel"]
[Date "2004.07.21"]
[Round "3"]
[White "Sasikiran, Krishnan"]
[Black "Morozevich, Alexander"]
[Result "1/2-1/2"]
[WhiteElo "2666"]
[BlackElo "2743"]
[Annotator "Ftacnik,L"]
[PlyCount "97"]
[EventDate "2004.07.19"]
[EventType "tourn"]
[EventRounds "10"]
[EventCountry "SUI"]
[EventCategory "18"]
[SourceTitle "CBM 102"]
[Source "ChessBase"]
[SourceDate "2004.09.23"]
[SourceVersion "1"]
[SourceVersionDate "2004.09.23"]
[SourceQuality "1"]

1. d4 d5 2. c4 c6 3. Nf3 Nf6 4. Nc3 dxc4 5. a4 Bf5 6. e3 e6 7. Bxc4 Bb4 8. O-O
Nbd7 9. Qe2 Bg4 10. h3 Bxf3 11. Qxf3 O-O 12. Rd1 Rc8 13. e4 e5 14. Be3 Qa5 (
14... Qe7 15. Re1 (15. d5 Nb6 16. Bb3 cxd5 17. Nxd5 Nbxd5 18. Bxd5 Nxd5 (18...
Bc5 19. Bg5 Bd4 20. Qg3 Kh8 21. Rxd4 exd4 22. e5 Qc7 23. exf6 Qxg3 24. fxg3 Rc5
25. fxg7+ Kxg7 26. Be7 Rxd5 27. Bxf8+ Kxf8 {1/2-1/2 Cvitan,O-Hector,J/Plovdiv
2003/ (47)}) 19. Rxd5 Bc5 20. Rad1 Bxe3 21. Qxe3 b6 22. Qb3 Rfd8 {1/2-1/2
Filippov,V-Motylev,A/Togliatti 2003/ (36)}) 15... exd4 16. Bxd4 Ne5 17. Qe2 c5
18. Bxe5 Qxe5 19. Rad1 Rcd8 20. Qe3 Rd4 21. f4 Qe7 22. Bb3 {1-0 Cmilyte,
V-Matras,A/Warsaw 1999/ (42)}) (14... Re8 15. d5 Bxc3 16. bxc3 cxd5 17. Bxd5
Rxc3 18. Bxb7 Qc7 19. Bd5 Nxd5 20. exd5 Qd6 21. Qe2 a6 22. a5 Rec8 23. Bb6 {
1-0 Bellon Lopez,J-Hector,J/Gothenburg 2004/ (83)}) 15. Ne2 {White is enjoying
a bishop's pair, while black can count on his significant pressure on the
central squares. White knight is moving to the kingside with dreams of landing
on f5 square.} (15. Na2 Bd6 16. Nc3 exd4 17. Bxd4 Ne5 18. Qe2 Rfe8 19. Ba2 Bc5
20. f4 Rcd8 21. Bxc5 Qxc5+ 22. Kh2 Ng6 23. g3 Nd5 24. Nxd5 cxd5 25. e5 {
1-0 Kasimdzhanov,R-Bareev,E/Sarajevo 2003/ (56)}) 15... Rfe8 16. Ng3 exd4 (
16... g6 17. dxe5 Nxe5 18. Qxf6 Be7 (18... Nxc4 19. Rd7 Ne5 20. Bh6 Bf8 21.
Bxf8 Rxf8 22. Rxb7 $16) 19. Bxf7+ Nxf7 20. Qc3 $16) 17. Bxd4 Ne5 18. Bxe5 (18.
Qe2 Nxc4 19. Bxf6 Ne5 20. Bg5 h6 21. Be3 Rcd8 $11) 18... Rxe5 (18... Qxe5 $2
19. Bxf7+ Kxf7 20. Qb3+ $16) 19. Qb3 Nxe4 {Morozevich has understood, that due
to the control of e1 square white forces are not able to join the attack
quickly enough. Equality was at hand with other moves as well.} (19... Re7 20.
e5 Rxe5 21. Bxf7+ Kh8 22. Rd3 Bc5 $11) (19... Rc7 20. Rd8+ Bf8 21. Bd3 Re8 22.
Rxe8 Nxe8 $11) 20. Nxe4 Rxe4 21. Rd7 Rf8 (21... Kh8 22. Rxb7 Bd6 23. Rxf7 Qe5
24. g3 $16) 22. Rxf7 (22. Rxb7 Bc5 23. Rxf7 Rxf7 24. Bxf7+ Kf8 25. Qf3 Re1+ 26.
Rxe1 Qxe1+ 27. Kh2 Bxf2 $11) 22... Rxf7 23. Bxf7+ Kh8 (23... Kf8 24. Qf3 Qe5
25. g3 Rd4 26. Ba2+ Qf6 27. Qb3 Ke7 $11) 24. Qg3 Qd8 25. Qf3 Qe7 (25... Rd4 26.
b3 Qf8 27. Qh5 Qe7 $11) 26. g3 Re2 {Black has bravely decided to keep fighting.
Objectively better was to swap the rooks with complete equality, since the
basic rank weakness is now dangerous.} (26... Re1+ 27. Rxe1 Qxe1+ 28. Kg2 Qe7
$11) 27. Rd1 Rxb2 28. Qf5 Qf8 (28... Qc7 $2 29. Qf4 Qc8 30. Qd4 $18) 29. Rd4
Be7 (29... c5 $4 30. Qxh7+ $1 Kxh7 31. Rh4#) 30. Rd7 Bf6 (30... Ba3 31. Rc7 Rd2
32. Rxb7 $14) 31. Bc4 g6 (31... h6 $2 32. Rf7 Qd8 (32... Qe8 33. Rxf6 gxf6 34.
Qxf6+ Kh7 35. Qxb2 $18) 33. Bd3 Kg8 34. Rd7 $18) 32. Qf4 Rb4 $2 {[%mdl 256]
The defender must have missed the intermediate check on b8, now his position
will become critical.} (32... Bg7 33. Rf7 Qd8 34. Rd7 Qe8 (34... Qxd7 $2 35.
Qb8+ $18) 35. Rxg7 Rb1+ 36. Kg2 Kxg7 37. Qd4+ Kh6 38. Qh4+ Kg7 39. Qd4+ $11)
33. Rf7 $1 Qxf7 (33... Qd8 34. Rxf6 Rxc4 35. Rf8+ $18) 34. Qb8+ Kg7 35. Bxf7
Kxf7 36. Qxa7 Bd4 37. Qb8 c5 (37... Rb2 38. Qf4+ Bf6 39. Qc7+ Be7 40. a5 $16)
38. Qc7+ Kf6 (38... Kg8 39. Qd8+ Kg7 40. Qe7+ Kg8 41. Kf1 Rb2 42. f4 $16) 39.
Qxh7 $2 {Sasikiran was not able to withstand the tension of the fight till the
end. Much more promissing was to free the hands of the "f" pawn with the help
of the modest king move.} (39. Kf1 $1 Rb1+ 40. Ke2 Rb2+ 41. Kd3 Rb3+ 42. Ke4
$16) 39... Rxa4 40. Qxb7 Ra2 41. Qc6+ Kg7 42. h4 (42. Qd7+ Kh6 43. h4 Rxf2 44.
Kh1 $11 (44. Qxd4 $2 cxd4 45. Kxf2 Kh5 46. Kf3 d3 $19)) 42... Rxf2 43. Kh1 Rf6
44. Qe4 Rf2 45. g4 Kf7 46. Qc6 Kg7 47. Qd5 Kf8 48. Qd8+ Kg7 49. Qd5 1/2-1/2

[Event "Ischia"]
[Site "Ischia"]
[Date "1996.??.??"]
[Round "4"]
[White "Gofshtein, Leonid D"]
[Black "Sadler, Matthew D"]
[Result "0-1"]
[WhiteElo "2540"]
[BlackElo "2600"]
[Annotator "Ftacnik,L"]
[PlyCount "68"]
[EventDate "1996.06.??"]
[EventType "tourn"]
[EventRounds "9"]
[EventCountry "ITA"]
[EventCategory "14"]
[SourceTitle "CBM 054"]
[Source "ChessBase"]
[SourceDate "1996.10.01"]
[SourceVersion "1"]
[SourceVersionDate "1996.10.01"]
[SourceQuality "1"]

1. d4 d5 2. c4 c6 3. Nf3 Nf6 4. Nc3 dxc4 5. a4 Bf5 6. e3 e6 7. Bxc4 Bb4 8. O-O
Nbd7 9. Qe2 O-O 10. e4 Bg6 11. Bd3 Bh5 12. Bf4 Qe7 $5 $146 (12... e5 13. dxe5
Ng4 14. Qc2 Qe7 (14... Qa5 $1 15. Na2 $1 Rfe8 (15... Be7 16. b4 $1 $16) (15...
Rae8 16. Qc4 Be7 17. Qd4 $16) 16. Be2 Bg6 (16... Ngxe5 $2 17. Nxe5 Bxe2 18.
Nxc6 $1 $16) 17. Bg3 $1 h6 $2 18. Nh4 Ngxe5 19. f4 Qc5+ 20. Qxc5 Bxc5+ 21. Kh1
Bxe4 22. fxe5 $16 {Kouatly,B-Meduna,E/Trnava/1987/}) (14... Re8 15. Be2 Bg6 16.
Rad1 Qc8 17. e6 (17. Bg3 Ngxe5 18. Nxe5 Nxe5 19. f4 Ng4 $13) 17... fxe6 (17...
Rxe6 18. Ng5 $18) 18. Nh4 Nge5 19. Bxe5 Nxe5 20. f4 Nd7 21. Nxg6 hxg6 $14 {
Bronstein,D-Finegold,B/Wijk-B (11)/1992/1-0 (73)}) 15. Be2 Bg6 16. Bg3 h6 17.
Nh4 h5 18. h3 Nh6 19. f4 $16 {Velikov,P-Meduna,E/Baile Herculane/1982/}) (12...
Re8 13. e5 Nd5 14. Nxd5 cxd5 15. h3 a6 16. Rfc1 Be7 17. Bd2 (17. Rc3 $5 Bxf3
18. Qxf3 Nb8 $2 19. Bxh7+ Kxh7 20. Qh5+ Kg8 21. Rg3 $40 {Polugaevsky,L-Torre,E/
London/1984/1-0/}) 17... Nb8 $1 18. g4 Bg6 19. Bxg6 fxg6 $1 20. b4 Nc6 21. b5
Na5 $2 (21... axb5 22. Qxb5 Qd7 23. Rab1 Reb8 $10) 22. Bxa5 $1 Qxa5 23. bxa6
Qxa6 (23... Rxa6 24. Rab1 Rb6 25. Qc2 $16) 24. Qxa6 Rxa6 25. Rc7 $1 $16 {
Stangl,M-Van der Sterren,P/Nettetal (10)/1992/1-0 (65)}) 13. e5 Nd5 14. Nxd5
cxd5 {The structure reminds us about French defence, but white colour bishop
is already out on h5.} 15. Qe3 Rfc8 16. a5 (16. Ne1 a5 17. Nc2 Bg6 $10) 16...
Bg6 17. Ra4 Bxd3 18. Qxd3 Rc4 19. h4 $2 (19. Bg5 Qf8 20. Bd2 Bxd2 21. Rxc4 dxc4
22. Qxd2 b5 $10) 19... h6 (19... Nc5 $5 20. dxc5 Rxf4 $17) 20. h5 Nc5 $1 21.
dxc5 Rxf4 22. a6 (22. Rc1 Rc8 23. a6 bxa6 24. Qxa6 $1 (24. c6 a5 $19) 24...
Rxc5 25. Rxc5 Qxc5 26. Qxa7 Qc1+ 27. Kh2 Bf8 $17) 22... bxa6 23. c6 (23. Qxa6
Qxc5 24. Qb7 Qf8 25. Rd1 a5 $19) 23... a5 24. Rc1 Rc8 25. b3 Rc7 26. Rc2 Re4
27. Ra1 Bc5 $6 28. Rxa5 (28. Rac1 Bb6 $17) 28... Rxc6 $2 (28... Bb6 29. Ra1 Rb4
$17) 29. Rb5 $2 {Both players might have missed the small tactics with Qb5,
but it seems to be a bit strange.} (29. Qb5 $1 Bxf2+ $8 30. Rxf2 Rc1+ 31. Rf1
Rxf1+ 32. Kxf1 Rb4 33. Rxa7 Rxb5 34. Rxe7 Rxb3 35. Ke2 $14) 29... Qc7 30. Ra2
Bb6 31. Kh2 (31. Ra4 Rc3 32. Qd2 Rc2 $19) 31... Rc3 32. Qd2 Qc6 33. Rxb6 (33.
Ra4 Rc2 34. Qd3 Rxa4 35. bxa4 Rxf2 $19) 33... axb6 34. Nd4 Rh4+ (34... Rh4+ 35.
Kg1 Rc1+) 0-1

[Event "WchT 8th"]
[Site "Ningbo"]
[Date "2011.07.25"]
[Round "8.2"]
[White "Sasikiran, Krishnan"]
[Black "Wang, Yue"]
[Result "0-1"]
[WhiteElo "2681"]
[BlackElo "2709"]
[Annotator "Ftacnik,L"]
[PlyCount "94"]
[EventDate "2011.07.17"]
[EventType "team-tourn"]
[EventRounds "9"]
[EventCountry "CHN"]
[SourceTitle "CBM 144"]
[Source "ChessBase"]
[SourceDate "2011.09.16"]
[SourceVersion "1"]
[SourceVersionDate "2011.09.16"]
[SourceQuality "1"]
[WhiteTeam "India"]
[BlackTeam "China"]
[WhiteTeamCountry "IND"]
[BlackTeamCountry "CHN"]

1. d4 d5 2. c4 c6 3. Nf3 Nf6 4. Nc3 dxc4 5. a4 Bf5 6. e3 e6 7. Bxc4 Nbd7 8. O-O
Bb4 9. Qe2 Bg6 10. e4 O-O 11. Bd3 Bh5 12. e5 Nd5 13. Nxd5 cxd5 14. Qe3 Be7 15.
Bd2 Nb8 16. Ne1 Bg6 17. f4 {The whole line is quite important for the
evaluation of the very solid defensive concept in the Slav Defence with 4...
dxc4. Black will try to compensate for the vulnerable e6-pawn with the
pressure against the f4-pawn.} Nc6 (17... Bxd3 18. Nxd3 f5 19. exf6 Rxf6 20. g4
Nc6 21. g5 Rf7 22. Bc3 Qd7 {0-1 (130) Razuvaev,Y (2510)-Petursson,M (2535)
Moscow 1987}) 18. g4 (18. Bc3 Qe8 19. g4 f5 20. g5 $15 {1/2 (20) Gligoric,S 
(2487)-Donaldson,J (2399) Vancouver 2000}) 18... f5 19. exf6 Bxf6 {Both the
d4- and f4-pawn will need protection, Sasikiran will have to live with limited
prospects for his dark-squared bishop.} 20. Bc3 Qe8 21. h3 (21. Nf3 Bxd3 22.
Qxd3 Be7 23. Bd2 Qg6 24. Qxg6 hxg6 25. Be3 Rac8 26. Rae1 Bd6 $11 {1/2 (50)
Gabriel,C (2530)-Meduna,E (2450) Ischia 1994}) 21... Bd8 {The position should
be considered equal, but both sides have some interesting plans. The most
mobile and dangerous are knights: White would love to put his on e5 or c5,
while Black dreams about the e4- or c4-square.} (21... Kh8 22. Rd1 Bd8 (22...
Rc8 23. Rd2 Bd8 24. Re2 Bb6 25. Kg2 Bxd3 26. Nxd3 $14 {1-0 (69) Beliavsky,A 
(2668)-Ribli,Z (2564) Bled 2001}) 23. Rd2 Bb6 24. Kg2 Qf7 25. Rf3 Rad8 26. b4
Ne7 27. Re2 Bxd3 28. Nxd3 Ng6 $11 {1-0 (39) Vaganian,R (2600)-Chernin,A (2565)
Sochi 1986}) 22. Rd1 Bc7 23. Rd2 (23. Bxg6 Qxg6 24. Nd3 Rf6 $11) 23... Qf7 24.
Rdf2 Rae8 25. b4 {Sasikiran would have been very grateful for any improvement.
At this point he misses the very interesting idea of pinning the knight on c6.}
(25. Bb5 $5 Bd6 26. Nd3 Bxd3 27. Bxd3 a6 $11) 25... Bd6 26. b5 (26. Bxg6 Qxg6
27. Nd3 Ne7 28. Nc5 Nf5 29. Qd3 Rf7 $11) 26... Ne7 27. Bd2 Kh8 28. Qe2 {
Most likely White ignores the second moment when the alternative could present
the opponent with more challenging problems.} (28. Re2 $5 Ng8 (28... Nc8 29. a5
(29. Bxg6 hxg6 30. Nd3 Nb6 $11) 29... e5 30. f5 e4 31. Bc2 $14) 29. Bxg6 Qxg6
30. Nd3 Nf6 31. Bb4 Bxb4 32. Nxb4 Ne4 33. Nd3 $14) 28... Ng8 29. Nf3 (29. Bxg6
Qxg6 30. Nf3 Nf6 31. Ng5 Qc2 $11) 29... Bxd3 30. Qxd3 Nf6 31. Ng5 $6 {The
first player is logically following the plan of a potential kingside attack,
but the g5-square is not the best one for the knight.} (31. Kg2 b6 (31... Ne4
32. Ng5 $1 $14) 32. Re2 Ne4 33. Rxe4 dxe4 34. Qxe4 $11) 31... Qg8 32. Rg2 h6
33. h4 (33. Nf3 Qh7 $15) 33... Re7 (33... hxg5 $2 34. hxg5 Nxg4 35. Rxg4 Qh7
36. g6 $16) 34. f5 {White is obliged to help the g5-knight by opening the
position, otherwise the intruder will be repelled and Wang Yue could seize the
initiative.} (34. a5 Rc8 35. Nf3 Qh7 $15) 34... exf5 35. gxf5 Ne4 36. Nxe4 (36.
Nf3 $2 Rxf5 $17) 36... dxe4 37. Qh3 {The black pieces are rapidly coming to
life and the impending time trouble is complicating White's defence.} (37. Qe3
$5 Rf6 38. Rg6 Qf7 (38... Rxg6+ 39. fxg6 Qc8 40. Qf2 Re6 41. Qf7 e3 42. Rc1 Qf8
43. Qxf8+ Bxf8 44. Be1 Rxg6+ 45. Kf1 $11) 39. h5 Qd5 40. Rxf6 gxf6 41. Qxh6+
Kg8 42. Qxf6 Rg7+ 43. Bg5 Be7 44. Qe6+ Qxe6 45. fxe6 Bxg5 $17) 37... e3 38.
Bxe3 Qb3 39. f6 $5 {Intuition is pointing in the right direction, White needs
to make the black king more vulnerable.} (39. Re2 Re4 40. Qf3 Rxh4 41. Rg2 Rf7
$17) 39... gxf6 40. Re2 $2 (40. Rf3 $1 Rg8 41. Rxg8+ Qxg8+ 42. Kh1 Qg6 $17)
40... Rg7+ {Both players are playing far from perfectly in a higly charged
tactical position. Fortunately for Black he has more room to get away with
second-rate moves.} (40... f5 $1 41. Qf3 Rg8+ 42. Kh1 Re4 $19) (40... Rg8+ 41.
Kh1 Re4 42. Rg1 Bg3 43. Rxg3 Qd1+ 44. Bg1 Qxe2 $19) 41. Rg2 (41. Kh1 Qd3 42.
Rff2 Rg3 $19) 41... Rxg2+ 42. Kxg2 Qc2+ $6 {Wang Yue deserves some critical
remarks for missing quite a few moves that were distictly stronger.} (42...
Rg8+ $1 43. Kf2 f5 $19) 43. Kf3 (43. Kh1 Qe4+ 44. Rf3 Re8 45. h5 f5 $19) 43...
Re8 44. Re1 Qe4+ (44... f5 45. Bd2 Qb3+ 46. Kg2 Rg8+ $19) 45. Kf2 Bf4 46. d5 (
46. Qf3 Bxe3+ 47. Rxe3 Qxd4 $19) 46... Qc2+ 47. Re2 Rxe3 $1 0-1

[Event "Horgen CS"]
[Site "Horgen"]
[Date "1994.??.??"]
[Round "2"]
[White "Gelfand, Boris"]
[Black "Lautier, Joel"]
[Result "1-0"]
[WhiteElo "2680"]
[BlackElo "2645"]
[Annotator "Ftacnik,L"]
[PlyCount "115"]
[EventDate "1994.09.??"]
[EventType "tourn"]
[EventRounds "11"]
[EventCountry "SUI"]
[EventCategory "16"]
[SourceTitle "CBM 043"]
[Source "ChessBase"]
[SourceDate "1994.12.01"]
[SourceVersion "1"]
[SourceVersionDate "1994.12.01"]
[SourceQuality "1"]

1. d4 {Hecht Ernst Hertneck} d5 2. c4 c6 3. Nf3 Nf6 4. Nc3 dxc4 5. a4 Bf5 6. e3
e6 7. Bxc4 Bb4 8. O-O Nbd7 9. Qe2 Bg6 10. e4 O-O 11. Bd3 Bh5 12. e5 Nd5 13.
Nxd5 cxd5 14. Qe3 h6 (14... Be7 {Ernst} 15. Bd2 (15. Ng5 $1 Bxg5 16. Qxg5 Bg6
17. Bxg6 fxg6 18. Qg4 Qe7 19. b3 $14 {Dautov-Cuijpers/Nimes/1991/}) 15... Nb8
16. Ne1 Bg6 17. f4 Nc6 18. g4 f5 19. exf6 Bxf6 20. Bc3 Qe8 $13 {Vaganjan,
R-Chernin,A/Sochi/1986/}) (14... Qe7 $6 {Ernst} 15. Ng5 h6 16. Qh3 g6 17. g4
hxg5 18. gxh5 $16 {Gligoric,S-Smyslov,V/Kiev URS-JUG/1959/}) (14... Re8 $6 {
Ernst} 15. Ng5 Bg6 16. f4 $16 {Wisskirchen,W-Hermann,M/BL/1985/}) 15. Ne1 f5
$146 (15... Bg6 16. Bxg6 fxg6 17. Nd3 Be7 18. Qh3 $14 {Smejkal,J-Portisch,L/
Milan/1975/}) (15... Bxe1 16. Qh3 $1 Qb6 $2 (16... Qa5 17. Bxh6 $1 Bd2 $1 18.
Be3 Bg6 19. Bxg6 fxg6 20. Qxe6+ Rf7 $13) (16... Bb4 {Hertneck} 17. Qxh5 f5 18.
exf6 Qxf6 19. Be3 $14) 17. Qxh5 Qxd4 18. Qd1 $1 $18 {Smejkal,J-Mednis,E/
Amsterdam/1986/}) 16. exf6 Qxf6 17. Bb5 Nb8 (17... Rad8 18. Nd3 Bd6 19. a5 a6
20. Ba4) (17... Nb6 18. a5 Nc4 (18... a6 19. axb6 axb5 20. Rxa8 Rxa8 21. Nd3
$16) 19. Bxc4 dxc4 20. Ra4 Bxe1 21. Rxe1 $14) (17... Rf7 {Hertneck} 18. Nd3 Bd6
$13) 18. Nd3 a6 (18... Bd6 19. Ne5 $5 (19. a5 a6 20. Ba4 Be8 21. Bxe8 Rxe8 22.
Bd2 Nc6 23. Bc3 $14) 19... a6 20. Bd3 (20. Bd3 {Hertneck} Bxe5 21. dxe5 Qf7 $13
)) 19. Nxb4 axb5 20. a5 Na6 $1 (20... Rc8 21. Qh3 Qf7 22. Nxd5 Rxc1 23. Raxc1
exd5 24. Rc8+ Kh7 25. Qg3 $18) (20... Be8 21. Bd2 Nc6 22. Nxc6 Bxc6 23. Bb4 $16
) (20... Nd7 {Hertneck}) (20... Nc6 {Ernst} 21. Nxc6 bxc6 22. Bd2 $16) 21. Nd3
(21. Bd2 Rfc8 22. b3 $14) 21... Rfc8 22. Bd2 Rc2 23. Rac1 (23. f3 Bg6 24. Bc3
b4 25. Nxb4 Nxb4 26. Bxb4 Rxb2 $10) 23... Rac8 24. Rxc2 Rxc2 25. Rc1 Rxc1+ 26.
Bxc1 (26. Nxc1 $5) 26... Bg6 (26... Nb8 {Ernst} 27. Nc5 $16) 27. Ne5 (27. Nf4
Bf5 (27... Nb4 28. Qc3 Nc6 29. a6 $16) 28. h3 $14) 27... Qf5 (27... Nb4 $2 {
Hertneck} 28. Qc3) 28. h3 (28. Qc3 Qc2 $1) 28... Qc2 $5 (28... Nb4 $1 29. Qc3
Nd3 30. Nxd3 Qxd3 31. Qc8+ Kh7 32. Be3 (32. Bf4 Be4 $1 (32... Qxd4 33. Bg3) 33.
Qc7 Qd1+ 34. Kh2 Qf1 35. f3 Bxf3 $10) 32... Be4 33. Qxe6 Qb1+ 34. Kh2 Qxb2 35.
f3 $1) 29. Nxg6 Qxg6 30. Qc3 Kh7 $2 (30... Qf7 31. Qc8+ Kh7 32. Bd2 Qe7 $10) (
30... Qf7 $1 {Hecht: Verhindert Bf4 - /\ Q/Nc7}) 31. Bf4 Qf7 32. Be5 Qd7 33. h4
Kg8 34. h5 Qd8 35. Qg3 Qd7 36. Bd6 Qf7 37. Qe5 Qf5 38. Qe2 (38. Qxf5 {Ernst}
exf5 $16) 38... b4 39. g4 Qf6 40. Be5 Qg5 41. Kg2 (41. b3 Qc1+ 42. Kg2 Qc3)
41... b3 42. Bd6 Kf7 43. Qd1 Kg8 (43... Qf6 44. Qd3 Kg8 45. Bg3) 44. Bg3 Qf6 (
44... Nb4 45. Qxb3 Qe7 46. Qa4) 45. Be5 Qh4 46. Bg3 Qf6 47. Qd2 $1 (47. Qxb3
Qxd4 48. Qxb7 Nc5 $132) 47... Qe7 48. Qe3 Qf6 49. Bd6 $1 Kh7 (49... Kh8 50. Be5
Qe7 51. Qxh6+) (49... Kf7 50. Qf3) 50. Qxb3 Qxd4 51. Qc2+ Kh8 (51... Qe4+ {
Hecht} 52. Qxe4+ dxe4 53. b4 $18) 52. Qc8+ Kh7 53. Qc2+ Kh8 54. Qc8+ Kh7 55.
Qxe6 Qxb2 (55... Nc5 56. Qf5+ Kg8 57. Qc8+ Kh7 58. Bxc5 $18) (55... Nb4 56.
Qf5+ Kg8 57. Qf8+ Kh7 58. Bxb4 Qxg4+ 59. Kf1 $18) 56. Be5 Qc2 57. Qe7 Qe4+ 58.
Kg3 1-0

[Event "Linares 14th"]
[Site "Linares"]
[Date "1997.02.14"]
[Round "9"]
[White "Gelfand, Boris"]
[Black "Ivanchuk, Vassily"]
[Result "1/2-1/2"]
[WhiteElo "2700"]
[BlackElo "2740"]
[Annotator "Gelfand,B"]
[PlyCount "45"]
[EventDate "1997.02.04"]
[EventType "tourn"]
[EventRounds "11"]
[EventCountry "ESP"]
[EventCategory "18"]
[SourceTitle "CBM 057"]
[Source "ChessBase"]
[SourceDate "1997.04.01"]
[SourceVersion "1"]
[SourceVersionDate "1997.04.01"]
[SourceQuality "1"]

1. d4 d5 2. Nf3 Nf6 3. c4 c6 4. Nc3 dxc4 5. a4 Bf5 6. e3 e6 7. Bxc4 Bb4 8. O-O
Nbd7 9. Qe2 Bg6 10. e4 O-O 11. Bd3 a6 $6 12. e5 $1 $146 Nd5 13. Bxg6 fxg6 14.
Ne4 c5 (14... h6 15. Bd2 $14) 15. Nfg5 $2 (15. Be3 $14 h6 $140 16. dxc5) 15...
Qe7 16. Qg4 (16. Nxh7 Kxh7 17. Bg5 Qe8 18. Nd6 Qb8 19. Qg4 Rf5 $19) 16... cxd4
17. Nxh7 (17. Qh3 h6 18. Nxe6 Rf5 19. Nxd4 Rxe5) 17... Nxe5 18. Qh3 Rf5 $1 (
18... Rfc8 19. Nhg5 Nf6 20. Bf4 $40) 19. Nhg5 Nf6 20. Ng3 Rd8 (20... d3 $1 21.
Nxf5 gxf5 22. b3 (22. Bf4 Ng6 23. Be3 Rd8) 22... d2 23. Bb2 Nf7 $17) 21. Nxf5
gxf5 22. Qb3 (22. Nf3 Neg4 $5) 22... Nd5 23. Nf3 (23. Qh3 Qf6 $5) (23. Nf3
Nxf3+ 24. Qxf3 Qf6 25. g4 (25. Qg3 Bd6 26. Qg5 $15 (26. Qb3 Qf7 27. Bg5 $140
Bxh2+)) 25... Qg6 26. h3 Nf6 $15) 1/2-1/2